000 00465cam a22001814a 4500
005 20250605164303.0
008 250528s ||||||||||||||||||||||||d
035 _a22160
040 _aGR-AtMCL
_bgre
_dGR-AtMCL
_eAACR2
245 1 _aΦΕΪΓ ΒΟΛΑΝ ΤΗΣ ΚΑΤΟΧΗΣ
250 _a1
260 _bΚαστανιώτη,
_c2007
300 _a334
700 1 _aΒαρναλης Κωστας
_98026
942 _cBK
999 _c7216
_d7216